Who was Galileo? (Record no. 1644)
[ view plain ]
| 000 -LEADER | |
|---|---|
| fixed length control field | 01468cam a2200265 i 4500 |
| 005 - DATE AND TIME OF LATEST TRANSACTION | |
| control field | 20250206110407.0 |
| 020 ## - INTERNATIONAL STANDARD BOOK NUMBER | |
| International Standard Book Number | 9780448479859 |
| 040 ## - CATALOGING SOURCE | |
| Original cataloging agency | NJQ/DLC |
| Language of cataloging | eng |
| Transcribing agency | NJQ |
| Description conventions | rda |
| Modifying agency | DLC |
| 050 00 - LIBRARY OF CONGRESS CALL NUMBER | |
| Classification number | QB36.G2 |
| 082 04 - DEWEY DECIMAL CLASSIFICATION NUMBER | |
| Classification number | 520.92 |
| 100 1# - MAIN ENTRY--PERSONAL NAME | |
| Personal name | Demuth, Patricia, |
| Relator term | author. |
| 245 10 - TITLE STATEMENT | |
| Title | Who was Galileo? |
| Statement of responsibility, etc. | by Patricia Brennan Demuth ; illustrated by John O'Brien. |
| 300 ## - PHYSICAL DESCRIPTION | |
| Extent | 105 pages: |
| Other physical details | illustrations, maps ; |
| Dimensions | 20 cm. |
| 490 1# - SERIES STATEMENT | |
| Series statement | Who was...? |
| 505 0# - FORMATTED CONTENTS NOTE | |
| Formatted contents note | R <br/> |
| 520 ## - SUMMARY, ETC. | |
| Summary, etc. | "Like Michelangelo, Galileo is another Renaissance great known just by his first name--a name that is synonymous with scientific achievement. Born in Pisa, Italy, in the sixteenth century, Galileo contributed to the era's great rebirth of knowledge. He invented a telescope to observe the heavens. From there, not even the sky was the limit! He turned long-held notions about the universe topsy turvy with his support of a sun-centric solar system. Patricia Brennan Demuth offers a sympathetic portrait of a brilliant man who lived in a time when speaking scientific truth to those in power was still a dangerous proposition"-- |
| Assigning source | Provided by publisher. |
| 521 1# - TARGET AUDIENCE NOTE | |
| Target audience note | 760 <br/> |
| Source | Lexile <br/> |
| 521 1# - TARGET AUDIENCE NOTE | |
| Target audience note | R <br/> |
| Source | Raz-Plus <br/> |
| 650 #0 - SUBJECT ADDED ENTRY--TOPICAL TERM | |
| Topical term or geographic name entry element | Astronomers |
| Geographic subdivision | Italy |
| Form subdivision | Biography |
| -- | Juvenile literature. |
| 650 #0 - SUBJECT ADDED ENTRY--TOPICAL TERM | |
| Topical term or geographic name entry element | Physicists |
| Geographic subdivision | Italy |
| Form subdivision | Biography |
| -- | Juvenile literature. |
| 700 1# - ADDED ENTRY--PERSONAL NAME | |
| Personal name | O'Brien, John |
| Dates associated with a name | 1953- |
| Relator term | illustrator |
| 906 ## - LOCAL DATA ELEMENT F, LDF (RLIN) | |
| a | 7 |
| b | cbc |
| c | orignew |
| d | 1 |
| e | ecip |
| f | 20 |
| g | y-gencatlg |
| 942 ## - ADDED ENTRY ELEMENTS (KOHA) | |
| Source of classification or shelving scheme | Dewey Decimal Classification |
| Koha item type | Books |
| Suppress in OPAC | No |
| 999 ## - | |
| -- | 1644 |
| -- | 1644 |
| Withdrawn status | Lost status | Source of classification or shelving scheme | Damaged status | Not for loan | Collection | Home library | Current library | Shelving location | Date acquired | Total Checkouts | Full call number | Barcode | Date last seen | Date last checked out | Copy number | Price effective from | Koha item type |
|---|---|---|---|---|---|---|---|---|---|---|---|---|---|---|---|---|---|
| Dewey Decimal Classification | Juvenile Fiction | Footprints International School Library Network Toul Kork Campus | Footprints International School Library Network Toul Kork Campus | 09/12/2023 | 1 | DEM 520.92 QB36.G2 | FISSE01878 | 12/11/2023 | 12/04/2023 | 1 | 09/12/2023 | Books | |||||
| Dewey Decimal Classification | Juvenile Fiction | Footprints International School Library Network Toul Kork Campus | Footprints International School Library Network Toul Kork Campus | TK Primary Library Room(4th Floor), Bookcase 5&6, Shelves 33-56, Orange Books | 01/27/2025 | DEM 520.92 QB36.G2 | FISTK06025 | 01/27/2025 | 2 | 01/27/2025 | Books |
